General Knowledge: (Record no. 190550)

MARC details
000 -LEADER
fixed length control field 00621nam a22001817a 4500
005 - DATE AND TIME OF LATEST TRANSACTION
control field 20220727152028.0
010 ## - LCCN (DPL NO)
LC control number ENG-134064
020 ## - INTERNATIONAL STANDARD BOOK NUMBER
International Standard Book Number 9788183821322
Terms of availability 95.00
035 ## - SYSTEM CONTROL NUMBER
System control number EN-117596
037 ## - SOURCE OF ACQUISITION
Source of stock number/acquisition DBAD/PUB
082 ## - DEWEY DECIMAL CLASSIFICATION NUMBER
Classification number 000
100 ## - MAIN ENTRY--PERSONAL NAME
Personal name Shah, Gaurav
245 ## - TITLE STATEMENT
Title General Knowledge:
Remainder of title With Current Affairs/
Statement of responsibility, etc Gaurav Shah
260 ## - PUBLICATION, DISTRIBUTION, ETC. (IMPRINT)
Place of publication, distribution, etc New Delhi
Name of publisher, distributor, etc Lotus Press Publishers & Distributor
Date of publication, distribution, etc 2011
270 ## - ADDRESS
Address Unit No. 220, Second Floor, 4735/22, Prakash Deep Building, Ansari Road
City New Delhi
Postal code 110002
Electronic mail address lotus_press@sify.com
Fax number 01123280047
300 ## - PHYSICAL DESCRIPTION
Extent 162p.
Dimensions 22cm(pbk)
942 ## - ADDED ENTRY ELEMENTS (KOHA)
Source of classification or shelving scheme Dewey Decimal Classification
Item type English Books
Classification part 000
Call number suffix SHA
Holdings
Withdrawn status Lost status Not for loan Collection code Home library Current library Date acquired Source of acquisition Cost, normal purchase price Full call number Barcode Copy number Cost, replacement price Koha item type
    Not For Loan Non-fiction D.B.Act.Division D.B.Act.Division 27/07/2022 DBAD/PUB 95.00 000 SHA EN-117596 1 95.00 English Books

© Delhi Public Library
Hit Counter
free hit counter